Central Library OPAC University of Rajshahi

How Russia is ruled / (Record no. 6048)

MARC details
000 -LEADER
fixed length control field 00900nam a22002652i 4500
001 - CONTROL NUMBER
control field 6048
003 - CONTROL NUMBER IDENTIFIER
rucl marc code BD-RjUL
005 - DATE AND TIME OF LATEST TRANSACTION
control field 20211208234157.0
008 - FIXED-LENGTH DATA ELEMENTS--GENERAL INFORMATION
fixed length control field 140108s1953 enk 001 0 eng d
035 ## - SYSTEM CONTROL NUMBER
System control number (BD-RjUL)6087
-- OCLC ocm04235624 from D960131M
040 ## - CATALOGING SOURCE
Original cataloging agency AFU
Transcribing agency AFU
Modifying agency UKM
-- EQO
-- BD-RjUL
Language of cataloging eng
041 ## - LANGUAGE CODE
Language code of text/sound track or separate title eng
082 00 - DEWEY DECIMAL CLASSIFICATION NUMBER
Classification number 947.084
Edition number 18
Author mark and year KOH 1953
090 ## - LOCALLY ASSIGNED LC-TYPE CALL NUMBER (OCLC); LOCAL CALL NUMBER (OCLC)
Classification number (OCLC) (R) ; Classification number, CALL (RLIN) (NR) DK273
Local cutter number (OCLC) ; Book number/undivided call number, CALL (RLIN) .K6
100 1# - MAIN ENTRY--PERSONAL NAME
Personal name Kolarz, Walter.
9 (RLIN) 19023
245 10 - TITLE STATEMENT
Title How Russia is ruled /
Statement of responsibility, etc. Walter Kolarz.
260 ## - PUBLICATION, DISTRIBUTION, ETC. (IMPRINT)
Place of publication, distribution, etc. London :
Name of publisher, distributor, etc. Batchworth Press,
Date of publication, distribution, etc. 1953.
300 ## - PHYSICAL DESCRIPTION
Pagination 175 p. ;
Size 19 cm
500 ## - GENERAL NOTE
General note "Based on the series of broadcast talks 'Communism in practice' and published by arrangement with the British Broadcasting Corporation."
504 ## - BIBLIOGRAPHY, ETC. NOTE
Bibliography, etc Includes index.
650 #0 - SUBJECT ADDED ENTRY--TOPICAL TERM
Topical term or geographic name as entry element Communism
Geographic subdivision Soviet Union.
9 (RLIN) 19024
651 #0 - SUBJECT ADDED ENTRY--GEOGRAPHIC NAME
Geographic name Soviet Union
General subdivision Politics and government
Chronological subdivision 1936-1953.
9 (RLIN) 19025
942 ## - ADDED ENTRY ELEMENTS (KOHA)
Source of classification or shelving scheme Dewey Decimal Classification
Koha item type Books
Holdings
Lost status Source of classification or shelving scheme Damaged status Not for loan Collection code Permanent Location Current Location Shelving location Date acquired Source of acquisition Total Checkouts Full call number Date last seen Copy number Koha item type
  Dewey Decimal Classification   Not For Loan Non-fiction Central Library, University of Rajshahi Central Library, University of Rajshahi   12/02/1958 U.S.I.S   947.084 KOH 1953 08/01/2014 C-1 Books